Simple Plan - Chansons les plus écoutées - Statistiques

Statistiques générales
  • Ce quiz a été pris 5 fois
  • Le résultat moyen est 5 sur 22
Statistiques - réponses
Chanson Vues % Correct
5 I'm Just A Kid 80 873 846
60%
1 Perfect 283 371 858
60%
2 Welcome To My Life 184 671 156
60%
8 When I'm Gone 46 332 446
60%
9 Addicted 38 088 521
40%
10 Astronaut 32 960 410
40%
4 Jet Lag 104 327 899
40%
16 Boom 13 226 213
20%
19 Crazy 9 497 532
20%
12 Save You 24 856 628
20%
11 Shut Up! 25 367 311
20%
3 Summer Paradise 149 291 669+109 120 151
20%
22 This Song Saved My Life 6 657 992
20%
7 Untitled 50 826 919
20%
14 Can't Keep My Hands Off You 17 697 188
0%
13 I'd Do Anything 22 465 117
0%
21 I Don't Wanna Go To Bed 7 066 382
0%
20 Perfectly Perfect 8 969 540
0%
17 Singing in the Rain 11 050 863
0%
15 What's New Scooby Doo 15 612 542
0%
18 Where I Belong 10 436 590
0%
6 Your Love Is A Lie 68 238 133
0%
Aucun quiz correspondant
Distribution des résultats
% des personnes avec chaque résultat
Percentile par nombre de réponses
Votre historique - résultats
Vous n’avez pas pris ce quiz